000 00437nam a2200169 a 4500
001 3139
003 CO-ViMGA
008 141112s2004 ck r 000 u spa d
040 _aCO-ViMGA
_bspa
_cCO-ViMGA
082 0 4 _a641.35 L338
245 1 0 _aLegumbres :
_bcocina para todos
260 _aCali :
_bVoluntad,
_c199 -
300 _a30 p : il
650 1 4 _aLEGUMBRES - RECETAS
_952482
650 1 4 _aRECETAS COCINA
_952483
942 _2ddc
_cBK
999 _c15191
_d15191